Billie Eilish - When We All Fall Asleep Where Do We Go (Pistes) - Statistiques

Statistiques générales
  • Ce quiz a été pris 16 fois
  • Le résultat moyen est 12 sur 13
Statistiques - réponses
Hint Réponse % Correct
4 all the good girls go to hell
100%
13 goodbye
100%
1 bad guy
94%
12 i love you
94%
11 listen before i go
94%
8 my strange addiction
94%
5 wish you were gay
94%
2 xanny
88%
7 8
81%
6 when the party's over
81%
3 you should see me in a crown
81%
9 bury a friend
75%
10 ilomilo
75%
Aucun quiz correspondant
Distribution des résultats
% des personnes avec chaque résultat
Percentile par nombre de réponses
Votre historique - résultats
Vous n’avez pas pris ce quiz